Normal view
MARC view
- E-IN-C's Br
Entry Personal Name
001 - CONTROL NUMBER
- control field: 41118
003 - CONTROL NUMBER IDENTIFIER
- control field: NUST
005 - DATE AND TIME OF LATEST TRANSACTION
- control field: 20210314131955.0
008 - FIXED-LENGTH DATA ELEMENTS
- fixed length control field: 210314|| aca||aabn | a|a d
040 ## - CATALOGING SOURCE
- Original cataloging agency: NUST
- Transcribing agency: NUST
100 ## - HEADING--PERSONAL NAME
- Personal name: E-IN-C's Br
670 ## - SOURCE DATA FOUND
- Source citation: Work cat.: (NUST): E-IN-C's Br, Technical instruction Vol III Electricity , 2001.
